| 000 | 00425nam a2200133Ia 4500 | ||
|---|---|---|---|
| 008 | 220216s9999 xx 000 0 und d | ||
| 100 | _aBarker L R | ||
| 245 | 0 | _aAccelerator and long-term ageing of natural rubber vulcanisates. Part 2. Results from ageing tests at 40 C | |
| 260 |
_bJournal of Natural Rubber Research _c1990 |
||
| 300 | _a266-274 | ||
| 650 | _aAgeing | ||
| 650 | _aNatural rubber vulcanisates | ||
| 942 | _cJS | ||
| 999 |
_c53734 _d53734 |
||